000 00310nam a22001217a 4500
008 160504b xxu||||| |||| 00| 0 eng d
020 _a9780534465810
020 _a0534465811
041 _aeng
080 _a612.39
245 _aKommunity nutrition in action:
_cMarie A.Boyle; David H. Holben;
942 _2udc
_cBK
999 _c1781
_d1781